Los fichajes más caros de la historia del fútbol - ¡Muerte súbita! - Estadísticas

Estadísticas generales
  • Esta prueba ha sido intentada 1.922 veces
    683 desde el último reinicio
  • La puntuación promedio es 6 de 17
Answers on the Grid
Answers color-coded by a green-red scale on the quiz's grid according to % correct below.
Neymar
FC Barcelona → PSG
Kylian Mbappé
Mónaco→ PSG
Philippe Coutinho
Liverpool → FC Barcelona
Ousmane Dembélé
Borussia Dortmund → FC Barcelona
João Félix
Benfica → Atlético Madrid
Florian Wirtz
Bayer Leverkusen → Liverpool
Enzo Fernández
Benfica → Chelsea
Eden Hazard
Chelsea → Real Madrid
Antoine Griezmann
Atlético Madrid → FC Barcelona
Jack Grealish
Aston Villa → Manchester City
Cristiano Ronaldo
Real Madrid → Juventus
Declan Rice
West Ham → Arsenal
Moisés Caicedo
Brighton → Chelsea
Jude Bellingham
Borussia Dortmund → Real Madrid
Romelu Lukaku
Inter → Chelsea
Paul Pogba
Juventus → Manchester United
Gareth Bale
Tottenham → Real Madrid
Harry Kane
Tottenham → Bayern Múnich
Randal Kolo Muani
Eintracht → PSG
Antony
Ajax → Manchester United
Cristiano Ronaldo
Manchester United → Real Madrid
Josko Gvardiol
RB Leipzig → Manchester City
Neymar
PSG → Al-Hilal
Gonzalo Higuaín
Napoli → Juventus
Neymar
Santos → Barcelona
Harry Maguire
Leicester City → Manchester United
Frenkie de Jong
Ajax → FC Barcelona
Matthijs de Ligt
Ajax → Juventus
Darwin Núñez
Benfica → Liverpool
Jadon Sancho
Borussia Dortmund → Manchester United
 
Estadísticas de respuestas
Respuesta % Correcto
Neymar
FC Barcelona → PSG
51%
Philippe Coutinho
Liverpool → FC Barcelona
48%
Ousmane Dembélé
Borussia Dortmund → FC Barcelona
43%
Kylian Mbappé
Mónaco→ PSG
42%
Antoine Griezmann
Atlético Madrid → FC Barcelona
41%
Eden Hazard
Chelsea → Real Madrid
39%
Florian Wirtz
Bayer Leverkusen → Liverpool
38%
Enzo Fernández
Benfica → Chelsea
36%
João Félix
Benfica → Atlético Madrid
36%
Jude Bellingham
Borussia Dortmund → Real Madrid
34%
Jack Grealish
Aston Villa → Manchester City
33%
Paul Pogba
Juventus → Manchester United
32%
Cristiano Ronaldo
Real Madrid → Juventus
31%
Moisés Caicedo
Brighton → Chelsea
30%
Gareth Bale
Tottenham → Real Madrid
29%
Declan Rice
West Ham → Arsenal
26%
Romelu Lukaku
Inter → Chelsea
18%
No se encontraron pruebas coincidentes
Distribución de puntuación
Porcentaje de gente con cada puntuación
Porcentaje por número respondido
Historial de tus puntuaciones
No has intentado esta prueba desde el último reinicio